000 00769nam a22002417a 4500
005 20170919151445.0
010 _aENG-120807
020 _c135.00
_a9788181803702
020 _c135.00
_a8181803701
035 _aEN-104339
037 _bDBAD/PUB
082 _a658.3
100 _aA. Sudhakar
245 _aB.A Human resource management (third year) industrial relations and Industrial law / /
_cby A. Sudhakar, Nagaarju Battu [and] P. Arun Kumar edited by A. Sudhakar
260 _aHyderabad
_bTelgu Akademi
_c2016
270 _aHimayat Nagar
_bHyderabad
_e500029
300 _a728. :
_c28cm(pbk)
_bill.
500 _a
700 _a Nagaarju Battu
700 _a Arun Kumar,P.
700 _a Sudhakar, A.
942 _2ddc
_cEN
_h658.3
_mSUD
999 _c144986
_d144986